Laserom iniciovaná polymerizácia vodorozpustných monomérov k získaniu nových poznatkov o kinetike a mechanizme.

Saved in:
Bibliographic Details
Main Author: Chovancová, Anna (Author)
Other Authors: Lacík, Igor (Thesis advisor)
Format: Manuscript Book
Language:Slovak
Published: 2018
Subjects:
Online Access:http://is.stuba.sk/zp/portal_zp.pl?podrobnosti=90289
Tags: Add Tag
No Tags, Be the first to tag this record!

MARC

LEADER 00000ntm a22000003a 4500
001 stuzp29132
003 SK-STU
005 20180825210238.8
007 ta
008 150427s2015----xo-----f-mn---000-0-slo-d
040 |a STU  |b slo 
041 0 |a slo 
100 1 |a Chovancová, Anna  |u 049370  |4 aut  |U FCHPT Ústav prírodných a syntetických polymérov  |T FCHPT Oddelenie plastov, kaučuku a vlákien  |X 22026  |U C9370  |Y 128  |7 22026 
242 0 1 |a Laser-Initiated Polymerization of Water-Soluble Monomers to Obtain an Understanding of New Kinetics and Mechanisms  |y eng 
245 1 0 |a Laserom iniciovaná polymerizácia vodorozpustných monomérov k získaniu nových poznatkov o kinetike a mechanizme. 
260 |c 2018 
650 4 |a radikálová polymerizácia  |2 slo 
650 4 |a vodorozpustné polyméry  |2 slo 
650 4 |a pulzná laserová polymerizácia  |2 slo 
650 4 |a rýchlostná konštanta propagácie  |2 slo 
650 4 |a gélová permeačná chromatografia  |2 slo 
650 4 |a radical polymerization  |2 eng 
650 4 |a water-soluble polymers  |2 eng 
650 4 |a pulse laser polymerization  |2 eng 
650 4 |a propagation rate coefficient  |2 eng 
650 4 |a gel permation chromatography  |2 eng 
700 1 |a Lacík, Igor  |4 ths  |X 62118  |7 62118 
856 4 |u http://is.stuba.sk/zp/portal_zp.pl?podrobnosti=90289